Historical players who played for FC Barcelona - Statistics

General Stats
  • This quiz has been taken 143 times
    131 since last reset
  • The average score is 20 of 34
Answer Stats
Country Player % Correct
Argentina Lionel Messi
100%
Spain Andres Iniesta
92%
Brazil Neymar jr
90%
Brazil Ronaldinho
89%
Spain Luis Suarez
88%
Uruguay Luis Suarez
88%
Netherlands Johan Cruyff
80%
Cameroon Samuel Etoo
80%
Sweden Zlatan Ibrahimovic
77%
Poland Robert Lewandowski
75%
Brazil Rivaldo
74%
France Thierry Henry
71%
Spain Carles Puyol
65%
Netherlands Ronald Koeman
65%
Spain Sergio Busquets
64%
Argentina Diego Maradona
63%
Spain Gerard Pique
61%
Denmark Michael Laudrup
58%
Bulgaria Hristo Stoichkov
56%
Brazil Romario
54%
Portugal Luis Figo
51%
England Gary Lineker
50%
Romania Gheorghe Hagi
47%
Portugal Deco
46%
Italy Gianluca Zambrotta
43%
Argentina Javier Mascherano
43%
Netherlands Patrick Kluivert
38%
Spain Xavi Hernandez
38%
Hungary Laszlo Kubala
31%
Brazil Ronaldo Nazario
23%
France Antoine Griezmann
20%
Netherlands Edgar Davids
18%
Denmark Allan Simonsen
10%
Netherlands Johan Neeskens
10%
No matching quizzes found
Score Distribution
Percent of People with Each Score
Percentile by Number Answered
Your Score History
You have not taken this quiz since the last reset